000 00447cam a2200181ua 4500
001 4013
008 111213n ii |||gr||||Z||||||asm
040 _cMAIN
082 _a891.4511
100 1 _aSaikia, Nagen,
245 1 1 _aAdhunik asamiya kavita manjuri
_ced. by Nagen Saikia
250 _a1st.
260 _a[s.l]:
_bBani Mandir
300 _a76p:
_c23cm.
653 _aAssamese poem
653 _aAdhunik asamiya kavita manjuri
942 _cBK
999 _c3835
_d3835